| 000 | 00708cam a22002411 4500 | ||
|---|---|---|---|
| 001 | 7253 | ||
| 003 | BD-RjUL | ||
| 005 | 20211208234403.0 | ||
| 008 | 140113s1968 ilua b 001 0 eng | ||
| 035 | _a(BD-RjUL)7295 | ||
| 040 |
_aDLC _cDLC _dDLC _dBD-RjUL _beng |
||
| 041 | _aeng | ||
| 082 | 0 | 0 |
_a519 _bCAI 1968 |
| 100 | 1 |
_aCarlborg, Frank W. _q(Frank William), _d1928- _922661 |
|
| 245 | 1 | 0 |
_aIntroduction to statistics / _cFrank W. Carlborg. |
| 260 |
_aGlenview,Ill. : _bScott, Foresman, _cc1968. |
||
| 300 |
_a293 p. : _billus. ; _c24 cm. |
||
| 504 | _aIncludes bibliographies and index. | ||
| 650 | 0 |
_aMathematical statistics. _922662 |
|
| 942 |
_2ddc _cBK |
||
| 999 |
_c7253 _d7253 |
||